Novel emulsion graft copolymerization onto the silylmethyl group of poly (dimethylsiloxane) (Record no. 45517)

MARC details
000 -LEADER
fixed length control field 00626nam a2200205Ia 4500
100 ## - MAIN ENTRY--AUTHOR NAME
Personal name Okaniwa Motoki
245 #0 - TITLE STATEMENT
Title Novel emulsion graft copolymerization onto the silylmethyl group of poly (dimethylsiloxane)
260 ## - PUBLICATION, DISTRIBUTION, ETC. (IMPRINT)
Name of publisher Journal of Polymer Science. Part. A. Polymer Chemistry
Year of publication 1997
300 ## - PHYSICAL DESCRIPTION
Number of Pages 2607-2617
650 ## - SUBJECT ADDED ENTRY--TOPICAL TERM
Topical Term Emulsion graft copolymerization
650 ## - SUBJECT ADDED ENTRY--TOPICAL TERM
Topical Term Hydrogen abstraction reaction
650 ## - SUBJECT ADDED ENTRY--TOPICAL TERM
Topical Term Lubricity
650 ## - SUBJECT ADDED ENTRY--TOPICAL TERM
Topical Term MOPAC
650 ## - SUBJECT ADDED ENTRY--TOPICAL TERM
Topical Term NMR
650 ## - SUBJECT ADDED ENTRY--TOPICAL TERM
Topical Term Peroxide
650 ## - SUBJECT ADDED ENTRY--TOPICAL TERM
Topical Term Poly(dimethylsiloxane)
700 ## - ADDED ENTRY--PERSONAL NAME
Personal name Ohta Yoshihisa
942 ## - ADDED ENTRY ELEMENTS (KOHA)
Koha item type Reprints
Holdings
Withdrawn status Lost status Damaged status Not for loan Home library Current library Shelving location Date acquired Serial Enumeration / chronology Accession Number Koha item type
      Reprints RRII Library RRII Library Rubber chemistry 22/12/2021 Volume 35, Issue P01519 Reprints